1053 1390 1199 1288 1596 1576 1966 1499 1640 1199 1148 1158 1137 1615 1127 1123 1531 1435 1775 1996 1648 1230 1955 1475 1921 1532 1702 1132 1187 1766 1395 1495 1403 1656 1654 1547 1222 1916 1506 1770 1064 1495 1993 1605 1373 1494 1260 1695 1920 1841 1002 1876 1164 1401 1182 1096 1473 1012 1218 1645 1989 1361 1127 1913 1407 1621 1140 1634 1288 1975 1206 1716 1663 1144 1346 1472 1928 1584 1889 1102 1249 1706 1219 1694 1375 1978 1740 1261 1422 1283 1194 1103 1589 1177 1184 1773 1003 1822 1818 BCNSPRNW ULIB Ver.6.0+V

เปลี่ยนเป็นภาษาไทย

Change to English
 แสดงรายละเอียดบรรณานุกรม
  กลับหน้าหลัก

Brief Record : Get Marc (ISO 2709) : E-mail record : QR code < ปิดหน้าต่าง
LEADER : 00000nam 2200000uu 4500
001    13399121618
003     ULIB
008    121127s2546||||th 000 0 tha d
020    ^a9741322275
050 04 ^aBF721^bอ429จ 2546
100 0  ^aอลิสา วัชรสินธุ
245 10 ^aจิตเวชเด็ก /^cอลิสา วัชรสินธุ
260    ^aกรุงเทพฯ :^bแห่งจุฬาลงกรณ์มหาวิทยาลัย,^c2546
300    ^a[15], 250 หน้า ;^c21 ซม.
650  7 ^aจิตเวชศาสตร์เด็ก
650  7 ^aจิตเวชเด็ก^xในวัยทารกและวัยเด็ก
710  2 ^aจุฬาลงกรณ์มหาวิทยาลัย
945    ^p120^l0^i24769
995    ^aวิภา
999 ^a ใช้งานได้ทุกระบบ
รายการนี้ยังไม่มีแท็ก
คุณยังไม่ได้ล็อกอิน คุณสามารถมีกิจกรรมร่วมกับเว็บไซต์ได้ แต่ต้องล็อกอินก่อน ::
  ล็อกอิน

รายการสื่อสารสนเทศ

ลำดับที่ ประเภท เลขเรียก/บาร์โค้ด สถานที่ สถานะ
1. วิทยาศาสตร์การแพทย์ และสุขภาพ
วิทยาศาสตร์การแพทย์ และสุขภาพ
BF721 อ429จ 2546  
  Barcode: 24769
ห้องสมุดวิทยาเขตสวรรค์ประชารักษ์
►หนังสือทั่วไป
บนชั้น

รายการใกล้เคียง
    ผู้แต่ง [อลิสา วัชรสินธุ]

    หัวเรื่อง [จิตเวชศาสตร์เด็ก]

BibComment


ยังไม่เคยถูกคอมเมนท์

คอมเมนท์ทรัพยากรรายการนี้
  คอมเมนท์: จิตเวชเด็ก อลิส..


 Copyright 2026. Bcnsprnw @Library